[Event "Andalucia-ch U10"]
[Site "Islantilla"]
[Date "2012.04.14"]
[Round "7"]
[White "Torralbo Alcaide, David"]
[Black "Crespo Cervino, Guillermo"]
[Result "0-1"]
[WhiteElo "1246"]
[BlackElo "1152"]
[PlyCount "72"]
[EventDate "2012.04.13"]
[EventType "swiss"]
[EventRounds "9"]
[EventCountry "ESP"]
[SourceTitle "CBM 148 Extra"]
[Source "ChessBase"]
[SourceDate "2012.06.22"]
[SourceVersion "1"]
[SourceVersionDate "2012.06.22"]
[SourceQuality "1"]

1. f4 f5 2. Nf3 b6 3. e3 Bb7 4. b3 e6 5. Bb2 Nf6 6. Bc4 d5 7. Bb5+ c6 8. Be2 Bb4 9. a3 Bd6 10. 0-0 0-0 11. Ne5 Bxe5 12. Bxe5 Nfd7 13. Bd6 Rf6 14. Nc3 Rh6 15. Bh5 Qh4 16. Bf3 Qxh2+ 17. Kf2 Qh4+ 18. Kg1 Qh1+ 19. Kf2 Qh4+ 20. Kg1 Qh1+ 21. Kf2 Qh4+ 22. Kg1 Nf6 23. Bxb8 Rxb8 24. d3 Nh5 25. Bxh5 Rxh5 26. e4 Rf8 27. e5 c5 28. d4 g5 29. fxg5 Kh8 30. dxc5 Rg8 31. Rf3 Qxg5 32. Rf2 d4 33. Ne2 Qxg2+ 34. Rxg2 Rxg2+ 35. Kf1 Rh1+ 36. Ng1 Rhxg1# 0-1